| 000 | 00932cab a22002175a 4500 | ||
|---|---|---|---|
| 001 | L160206 | ||
| 008 | 190222e2019 xxk 000 0 eng d | ||
| 035 | _a(Sirsi) u160206 | ||
| 041 | 0 | _aeng | |
| 100 | 1 | _aPryke, Andrew | |
| 245 | 0 | 0 | _aWhat can VR do for you? |
| 490 |
_aRICS Property Journal _vJanuary/February 2019, 8-9(2) |
||
| 520 | _aLooks at the growth of the use of Virtual Reality (VR) headsets together with Augumented Reality (AR) and Mixed Reality (MR) in the property sector and discusses how this will change clients' perceptions of a building. Features 4 cases using VR technology incuding Epworth House, London, Atlantic Square, Glasgow, Ainsley Street student accommodation, Durham and King's Cross station. | ||
| 590 | _aNTK | ||
| 650 | 2 | 4 | _aVIRTUAL REALITY |
| 650 | 2 | 4 | _aAUGMENTED REALITY |
| 650 | 2 | 4 | _aMIXED SITE |
| 651 | 4 | _aUnited Kingdom | |
| 690 |
_aFacilities management _96240 |
||
| 942 |
_n0 _2ddc |
||
| 999 |
_c85184 _d85184 |
||